000 00743nam a22002537a 4500
008 240821b mp ||||| |||| 00| 0 mon d
020 _a978-99929-0-877-7
035 _a2572
040 _aDXO45059
_bmon
_cMN-UlNLM
_dMN-UlNLM
_erda
041 _amon
082 _210-t
_a891.7 3
_bШ.335
100 _aИрина Щеглова
245 0 _aГүнжийн цамхаг
245 0 _b0
245 0 _c/Орч.Л.Энхбаяр
264 _aУБ
_bМонсудар хэвлэлийн газар
_c2009
300 _a152х.
336 _2rdacontent
_atext
_btxt
337 _2rdamedia
_aunmediated
_bn
338 _2rdacarrier
_avolume
_bnc
505 _tгүнжийн цамхаг; 0; 0; 0; 0
650 _a5659
942 _210-t
_cBK
999 _c1127932
_d1127989